000 00612nac a22001811u 4500
020 _a8120320956
082 _a621.381
_bM2853
090 _c133
_d133
100 _aMano, M. Morris
245 _aDigital design/
_cM. Morris Mano
250 _a3rd ed.
650 _aElectronic digital computers
_xCircuits
650 _aLogic circuits
650 _aLogic design
650 _aDigital integrated circuits
942 _cBB
_k621.381
999 _c133
_d133